Variadores de velocidad y eficiencia energØtica

Gorde:
Xehetasun bibliografikoak
Beste egile batzuk: Canal SENATI CANAL PERˌ/ YouTube
Formatua: Liburua
Hizkuntza:gaztelania
Gaiak:
Sarrera elektronikoa:Variadores de velocidad y eficiencia energØtica
Etiketak: Etiketa erantsi
Etiketarik gabe, Izan zaitez lehena erregistro honi etiketa jartzen!

MARC

LEADER 00000nam a22000004a 4500
001 vpro10980
005 20201223000000.0
008 170123s2017 ck # g## #001 0#spa#d
020
022
040 |a CO-BoINGC 
041 0 |a spa 
245 1 0 |a Variadores de velocidad y eficiencia energØtica 
246 |a Speed Shifters and Energy Efficiency 
264 |a BogotÆ (Colombia) :  |b Revista VirtualPRO,  |c 2017 
520 3
650 \ \ |a Energía 
650 \ \ |a Eficiencia 
650 \ \ |a Energy 
650 \ \ |a Efficiency 
650 \ \ |a energía 
650 \ \ |a eficiencia energØtica 
650 \ \ |a energy 
650 \ \ |a energy efficiency  
700 \ \ |a Canal SENATI CANAL PERˌ/ YouTube 
856 |z Variadores de velocidad y eficiencia energØtica  |u https://virtualpro.unach.elogim.com/biblioteca/variadores-de-velocidad-y-eficiencia-energetica